Introduction to developing economics (Record no. 3476)

000 -LEADER
fixed length control field 00514nam a22001937a 4500
001 - CONTROL NUMBER
control field 3476
003 - CONTROL NUMBER IDENTIFIER
control field BD-DhUET
008 - FIXED-LENGTH DATA ELEMENTS--GENERAL INFORMATION
fixed length control field 141029b xxu||||| |||| 00| 0 eng d
020 ## - INTERNATIONAL STANDARD BOOK NUMBER
International Standard Book Number 0415280753
040 ## - CATALOGING SOURCE
Transcribing agency 0
Modifying agency BD-DhUET
082 ## - DEWEY DECIMAL CLASSIFICATION NUMBER
Classification number 330.91724
Item number GHA/2003
100 ## - MAIN ENTRY--PERSONAL NAME
Personal name Ghatak ,Subrata
245 ## - TITLE STATEMENT
Title Introduction to developing economics
Statement of responsibility, etc. by Subrata Ghatak
250 ## - EDITION STATEMENT
Edition statement 4th
260 ## - PUBLICATION, DISTRIBUTION, ETC. (IMPRINT)
Place of publication, distribution, etc. London:
Name of publisher, distributor, etc. Routledge,
Date of publication, distribution, etc. 2003
300 ## - PHYSICAL DESCRIPTION
Extent xvii, 458P.
650 #0 - SUBJECT ADDED ENTRY--TOPICAL TERM
Topical term or geographic name as entry element Economic development-least developed countries
942 ## - ADDED ENTRY ELEMENTS (KOHA)
Koha item type General Book
Holdings
Price effective from Koha date last seen Withdrawn status Date acquired Koha normalized classification for sorting Copy number Source of classification or shelving scheme Not for loan Location (home branch) Koha item type Piece designation (barcode) Shelving location Lost status Damaged status Koha full call number Sublocation or collection (holding branch)
2014-10-292014-10-29 2014-10-29330_000000000000000_91724GHA201  Central Library, BUETGeneral Book100423Circulation section  330.91724/GHA/2003Central Library, BUET
2014-10-292014-10-29 2014-10-29330_000000000000000_91724GHA202  Central Library, BUETGeneral Book100424Circulation section  330.91724/GHA/2003Central Library, BUET
2014-10-292014-10-29 2014-10-29330_000000000000000_91724GHA203  Central Library, BUETGeneral Book100425Circulation section  330.91724/GHA/2003Central Library, BUET